[Event "Stockholm Chess Challenge 2018"]
[Site "Stockholm"]
[Date "2018.05.03"]
[Round "5"]
[White "Sankalp Gupta"]
[Black "Reshef, Omer"]
[Result "1/2-1/2"]
[WhiteElo "2374"]
[BlackElo "2482"]
[Annotator "TA"]
[PlyCount "94"]
[EventDate "2018.??.??"]
[EventCountry "SWE"]
[SourceTitle "playchess.com"]
[Source "ChessBase"]
[SourceQuality "1"]

{[%evp 21,94,0,0,0,0,0,25,17,14,22,25,32,31,27,22,0,14,32,77,79,64,43,46,60,48,22,69,45,112,87,110,94,99,11,8,8,8,12,8,0,0,0,0,0,0,0,0,0,44,20,39,37,84,79,98,98,102,108,110,105,119,103,87,80,83,34,30,35,56,29,37,0,0,0,63]} 1. d4 d5 2. Bf4 Nf6 3. e3 c5 4. c3 Nc6 5. Nd2 e6 6. Bd3 Bd6 7. Bxd6 {D00: 1 d4 d5: Unusual lines} Qxd6 8. f4 Bd7 9. a3 Ne7 10. Ngf3 cxd4 (10... Qb6 11. Rb1 Bb5 12. Bxb5+ Qxb5 13. Qe2 Qxe2+ 14. Kxe2 Rc8 {1-0 (58) Duda,J (2717)-Dziuba,M (2584) Katowice 2017}) 11. cxd4 Qb6 {LiveBook: 3 Games} 12. Qb3 Qxb3 13. Nxb3 Nc8 {[#]} 14. Nc5 $146 ({Predecessor:} 14. Ne5 Nd6 {½-½ (58) Moiseenko,V (2548)-Loginov,V (2486) Jyvaskyla 2017}) 14... Nd6 15. Ne5 b6 16. Ncxd7 Nxd7 17. Rc1 f6 18. Nc6 Nb8 19. Nb4 $36 {[%mdl 2048] Black is under pressure.} Kd7 {[#]} 20. f5 $1 a5 21. fxe6+ Kxe6 22. Na2 $1 Nd7 23. Nc3 Rac8 24. O-O g6 ({Black should play} 24... f5 $14) 25. Ba6 Rcd8 26. Ne2 {Strongly threatening Nf4+.} g5 27. Rc6 (27. Nc3 $16) 27... Nb8 $1 $11 {[%cal Rb8c6]} 28. Rxb6 {[#] Bd3 is the strong threat.} Nxa6 29. Rxa6 Ra8 $1 {[%cal Ra8a6]} 30. Rc6 (30. Rxa8 {seems wilder.} Rxa8 31. Nc3 Rb8 32. Na4 Ne4 33. Rc1) 30... Rhc8 31. Rxc8 Rxc8 {[%mdl 4096] Endgame KRN-KRN} 32. Nc3 f5 33. Re1 Ne4 34. Rc1 Nd6 35. Kf2 Rb8 36. Na4 Nc4 37. b3 Nxa3 38. Ra1 Nb5 39. Nc5+ Kf7 40. Rxa5 Nc3 41. Ra7+ Kg6 42. Ra6+ Kh5 43. Ne6 {Intending Ng7+ and mate.} Ne4+ $1 44. Kf3 Nd2+ $1 45. Ke2 Ne4 $1 46. Kf3 {Ng7+ would kill now.} Nd2+ $1 47. Ke2 Ne4 $1 {Precision: White = 63%, Black = 53%.} 1/2-1/2

[Event "Stockholm Chess Challenge 2018"]
[Site "Stockholm"]
[Date "2018.05.03"]
[Round "5"]
[White "Srinath, Rao S.V."]
[Black "Thorn, Eric"]
[Result "1/2-1/2"]
[WhiteElo "2363"]
[BlackElo "2312"]
[Annotator "TA"]
[PlyCount "122"]
[EventDate "2018.??.??"]
[EventCountry "SWE"]
[SourceTitle "playchess.com"]
[Source "ChessBase"]
[SourceQuality "1"]

{[%evp 20,122,23,23,48,50,58,47,55,48,80,-14,-17,-3,-4,-33,-35,-72,-76,-119,-129,-178,-168,-150,-160,-296,-289,-286,-284,-278,-245,-247,-242,-240,-139,-149,-82,-68,-5,-6,-6,-12,0,0,0,0,0,0,7,0,18,3,0,0,0,0,34,34,34,34,34,34,34,34,20,20,50,39,51,0,0,0,0,0,0,0,0,0,0,0,0,0,0,0,0,0,0,0,0,0,0,0,0,0,0,0,0,0,0,0,0,0,0,0,29990]} 1. e4 e5 2. Nf3 Nc6 3. Bc4 Nf6 4. d3 Be7 5. O-O O-O 6. Re1 d6 7. a4 Kh8 8. a5 {C55: Two Knights: 4 d3, 4 d4 exd4 5 e5 and Max Lange Attack} (8. h3 Ng8 9. Nc3 f5 10. Nd5 Nf6 11. Ng5 Nxd5 12. Nxh7 Nf6 13. Nxf6 g6 14. Nd5 f4 15. c3 Kg7 {½-½ (34) Kryvoruchko,Y (2703)-Maghsoodloo,P (2615) Sharjah 2018}) 8... a6 9. Nc3 Bg4 10. h3 Bh5 11. Be3 {LiveBook: 3 Games} Nd7 $146 ({Predecessor:} 11... Qd7 12. Bb3 Rad8 13. Nd5 Nxd5 14. exd5 Nb8 15. Nxe5 Bxd1 16. Nxd7 Bxc2 17. Bxc2 Nxd7 {1-0 (39) Schroeder,J (2473)-Midoux,S (2344) Barcelona 2015}) 12. g4 Bg6 13. Ne2 Nf6 {[%cal Bd7f6,Bf6h7,Bh7g5][%mdl 32]} 14. Bb3 h5 {[#]} 15. g5 (15. Ng3 $1 $16) 15... Nh7 $1 $11 {[%cal Re7g5]} 16. Qd2 h4 17. Kg2 (17. Kh1 $5 {[%cal Re1g1]}) 17... Bh5 18. Nxh4 {aiming for Ng3.} Bxg5 ({Reject} 18... Nxg5 $6 19. Ng3 $11) 19. Bxg5 Nxg5 20. Ng3 Ne6 21. Nxh5 Qxh4 22. Bxe6 (22. Qd1 $17) 22... fxe6 $19 23. Ng3 Nd4 24. Re3 Rf6 {[%cal Bf8f6,Bf6g6,Bg6g5][%mdl 32]} 25. Rf1 Raf8 26. Qd1 Qf4 (26... Qh6 $19 27. c3 Nf3) 27. Qh5+ Kg8 (27... Qh6 $142 28. Qxh6+ gxh6) 28. Ne2 $17 Nxe2 ({Black should try} 28... Qh6 $15 29. Qxh6 Rxh6 30. Nxd4 exd4) 29. Qxe2 $11 Rg6+ 30. Rg3 Rff6 31. c4 Rg5 32. Re1 Rfg6 {[%cal Rg5g3]} 33. Qe3 Qh4 34. b4 Qh6 35. b5 Qh4 36. bxa6 bxa6 37. Rb1 Qf4 38. Rb8+ Kh7 $1 39. Qxf4 exf4 40. Rxg5 Rxg5+ $14 {[%mdl 4096] Endgame KR-KR} 41. Kf3 Rxa5 42. Kxf4 g5+ 43. Ke3 Kg6 44. Ra8 (44. Rb7 $14) 44... Ra1 $1 $11 {The position is equal.} 45. Ra7 a5 {[%cal Ba6a5,Ba5a4,Ba4a3][%mdl 32]} 46. Rxc7 {[#] And now Rd7 would win.} a4 $1 47. Ra7 a3 48. d4 a2 {Hoping for ...Re1+.} 49. Kf3 Kf6 50. c5 dxc5 51. dxc5 Rh1 52. Rxa2 {Rc2 is the strong threat.} Rxh3+ 53. Kg4 Rh4+ 54. Kf3 {Threatens to win with Ke3.} Rh3+ 55. Ke2 Rc3 56. Ra5 Ke5 57. Kd2 Rc4 58. f3 Kf4 59. Kd3 Rc1 60. Kd2 Rc4 61. Kd3 Ke5 $2 {[%mdl 40960] Precision: White = 63%, Black = 58%. . An unexpected result.} (61... Rc1 $11) 1/2-1/2

[Event "Stockholm Chess Challenge 2018"]
[Site "Stockholm"]
[Date "2018.05.03"]
[Round "5"]
[White "Storme, Isak"]
[Black "Jeferli, MohammedAli"]
[Result "1-0"]
[WhiteElo "2323"]
[BlackElo "1934"]
[Annotator "TA"]
[PlyCount "85"]
[EventDate "2018.??.??"]
[EventCountry "SWE"]
[SourceTitle "playchess.com"]
[Source "ChessBase"]
[SourceQuality "1"]

{[%evp 17,85,0,45,36,33,47,60,72,69,48,48,54,138,139,140,151,143,151,237,189,195,210,209,199,266,239,283,278,279,211,391,187,323,182,176,177,173,179,508,262,429,420,1246,1070,1268,1027,1195,1226,1154,1145,1185,1126,1199,1184,29988,29989,29989,29990,29990,29991,29992,29993,29993,29994,29996,29997,29997,29998,29998,29999]} 1. Nf3 e6 2. g3 b6 3. Bg2 Bb7 4. O-O Nf6 5. c4 Be7 6. d4 O-O 7. Nc3 d5 8. Ne5 Nbd7 9. Qa4 c5 (9... c6 $5) 10. Nxd7 {E18: Queen's Indian: Old Main Line (4 g3 Bb7 5 Bg2 Be7 6 0-0 0-0 7 Nc3)} Nxd7 11. cxd5 {aiming for d6!} cxd4 12. Qxd4 {White is slightly better.} (12. dxe6 Bxg2 13. Kxg2 Nc5 14. exf7+ Rxf7 15. Qc4 dxc3 16. b4 b5 17. Qxb5 Ne6 {0-1 (40) Troyke,C (2347)-Meskovs,N (2489) Tallinn 2016}) 12... Bf6 13. Qd2 Bxc3 14. bxc3 exd5 ({Better is} 14... Bxd5 $14 15. Bxd5 exd5) 15. c4 $1 $16 ({Don't do} 15. Bxd5 $6 Bxd5 16. Qxd5 Qc8 $11) 15... Nf6 16. Bb2 Ne4 $146 ({Predecessor:} 16... Qe7 17. cxd5 Rad8 {0-1 (59) Sabahi,A (1896)-Yavic,A (1678) Manavgat 2016}) 17. Qd4 {[%csl Gb2][%cal Rd4g7]} f6 (17... Qf6 $16) 18. Rad1 Re8 19. cxd5 Qe7 20. f3 Ng5 (20... Nd6 $142 21. e4 Qd7) 21. e4 $18 Nf7 22. f4 Rac8 23. Rf2 Ba6 $2 (23... Qd7 24. Bf3 Rc5) 24. d6 (24. Qa4 $142 Bc4 25. d6 $1 {[%mdl 512]} Nxd6 26. Ba3) 24... Qd7 {[#]} (24... Nxd6 $142 25. e5 (25. Qxd6 Rcd8 $16) 25... Nf7 26. exf6 Qxf6 27. Qxf6 gxf6 28. Bxf6 Be2) 25. Bh3 (25. e5 $142 $1 {[%mdl 512]}) 25... Qxh3 26. d7 Red8 27. dxc8=Q $40 {[%mdl 128] White goes for the king.} Bxc8 $2 (27... Qxc8 {is more resistant.} 28. Qa4 Rxd1+ 29. Qxd1 Bb7) 28. Qa4 {White wants to mate with Rxd8+.} Bd7 $2 (28... Rxd1+ 29. Qxd1 h5) 29. Qxa7 Nh6 (29... Qe6 $142 30. e5 fxe5 31. Bxe5 Qe8) 30. Qc7 Nf7 31. Rfd2 {[%cal Rd2d7]} Qg4 32. Rxd7 Qxd1+ 33. Rxd1 Rxd1+ 34. Kg2 Rd2+ 35. Kf3 Rxb2 {[%mdl 4096] Endgame KQ-KRN} 36. Qc8+ {White mates.} Nd8 37. Qxd8+ {KQ-KR} Kf7 38. Qd7+ Kg6 39. Qe8+ Kh6 40. h4 Rxa2 41. Kg4 {[%csl Gg4][%cal Re8h5]} Ra5 42. f5 Rxf5 43. exf5 {Precision: White = 51%, Black = 26%.} 1-0

[Event "Stockholm Chess Challenge 2018"]
[Site "Stockholm"]
[Date "2018.05.03"]
[Round "5"]
[White "Pantzar, Milton"]
[Black "Firat, Burak"]
[Result "1/2-1/2"]
[WhiteElo "2295"]
[BlackElo "2446"]
[Annotator "TA"]
[PlyCount "84"]
[EventDate "2018.??.??"]
[EventCountry "SWE"]
[SourceTitle "playchess.com"]
[Source "ChessBase"]
[SourceQuality "1"]

{[%evp 19,84,52,31,25,33,40,38,37,32,23,19,8,25,18,77,70,86,82,86,77,98,85,90,49,79,46,63,68,71,69,77,89,94,87,65,-49,-49,-49,-47,-47,-47,-40,-46,-40,0,0,0,0,0,0,0,0,0,0,0,0,0,0,0,0,0,0,0,0,0,0,0]} 1. c4 c5 2. Nf3 Nf6 3. Nc3 g6 4. d4 cxd4 5. Nxd4 Nc6 6. Nc2 d6 7. e4 Bg7 8. Be2 O-O 9. O-O Bd7 10. Bd2 Rc8 {LiveBook: 3 Games} 11. Rc1 {B37: Sicilian: Maroczy Bind with 5...Bg7, sidelines} a6 12. b3 Ne8 13. Nd5 $146 {[%cal Bc3d5,Bd5f4,Bf4d3][%mdl 32] White is slightly better.} ({Predecessor:} 13. Bg4 e6 14. Be2 Nc7 15. Na4 Qe7 16. Be3 Rfd8 17. Nb6 Rb8 18. Qd2 Be8 {0-1 (58) Khodashenas,M (2410)-Tran,T (2537) Shiraz 2017}) 13... e6 14. Nf4 Bb2 15. Rb1 Be5 16. Be3 Nc7 (16... Qa5 $11 {keeps the balance.}) 17. Qd2 $16 Qe7 18. Rfd1 Rfd8 19. Nd3 Bf6 20. Bb6 Be8 21. Bg4 Bg7 22. Qf4 f5 23. exf5 gxf5 24. Bf3 Ne5 25. Bxb7 Rb8 {[%cal Bc8b8,Bb8b6,Bb6a6][%mdl 32]} 26. Bxc7 $1 Qxc7 27. Bxa6 (27. Bf3 $1 $14) 27... Nxd3 $1 $15 28. Rxd3 Rb6 29. Nd4 $1 {[%cal Rd4e6]} Bxd4 30. Qxd4 Rxa6 31. Qf6 e5 32. Rg3+ {The position is equal.} Bg6 $1 {[#] Strongly threatening ...f4.} 33. h4 $1 {[%cal Rh4h5]} Rf8 ({Of course not} 33... Rxa2 $6 34. h5 $16) (33... f4 $5 34. Rg4 $8 Rf8 $11) 34. Qg5 $1 f4 ({Much worse is} 34... Rxa2 $6 35. h5 $16) 35. Rg4 $1 Kh8 36. Qh6 $1 {[%cal Rh6f8]} Qg7 {[#]} 37. Rxg6 $1 {[%csl Gg6][%cal Rh6g7][%mdl 512]} Qxh6 (37... Qxg6 38. Qxf8+) 38. Rxh6 $11 {Black must now prevent Rd1. KRR-KRR} Kg7 39. Re6 Kf7 40. Rh6 Kg7 41. Re6 {c5! is the strong threat.} Kf7 42. Rh6 Kg7 {Precision: White = 72%, Black = 56%.} 1/2-1/2

[Event "Stockholm Chess Challenge 2018"]
[Site "Stockholm"]
[Date "2018.05.03"]
[Round "5"]
[White "Kantane, Anna"]
[Black "Sorensen, Hampus"]
[Result "1-0"]
[WhiteElo "2266"]
[BlackElo "2243"]
[Annotator "TA"]
[PlyCount "91"]
[EventDate "2018.??.??"]
[EventCountry "SWE"]
[SourceTitle "playchess.com"]
[Source "ChessBase"]
[SourceQuality "1"]

{[%evp 27,91,-6,44,40,33,35,41,25,15,22,58,48,64,61,69,0,0,20,35,34,66,51,62,74,93,106,93,91,120,104,112,98,119,81,105,120,112,112,127,113,108,143,661,672,670,652,667,665,655,606,648,643,625,613,856,856,841,841,818,794,1211,1206,1293,1231,1114,1105]} 1. e4 e5 2. Nf3 Nc6 3. Bb5 a6 4. Ba4 Nf6 5. O-O Be7 6. Re1 b5 7. Bb3 d6 8. c3 O-O 9. d4 Bg4 10. Be3 Bh5 11. h3 {C91: Closed Ruy Lopez: 7...d6 8 c3 0-0 9 d4} exd4 12. cxd4 Na5 13. Nbd2 c5 14. Bc2 (14. g4 Nxb3 15. axb3 Bg6 16. Nh4 Re8 17. Nxg6 hxg6 18. d5 Nd7 19. Bf4 {½-½ (34) Jones,G (2651)-Matlakov,M (2707) Batumi 2018}) 14... Nd7 {LiveBook: 3 Games} 15. Qb1 Bg6 $146 ({Predecessor:} 15... Nc4 16. Nxc4 Bxf3 17. Nd2 Bh5 18. f4 cxd4 19. Bxd4 f6 20. Nf1 Nc5 21. Ng3 Bg6 22. Qd1 {1-0 (50) Byvshev,V-Kuzminykh,E Leningrad (Russia) 1954}) 16. dxc5 dxc5 17. e5 $1 Bxc2 18. Qxc2 Re8 19. Rad1 Qc7 20. Bf4 Nf8 21. Bg3 Qb6 22. Ne4 {[%cal Bd2e4,Be4c3,Bc3d5][%mdl 32]} Nb7 23. Nc3 Rac8 24. Nd5 $36 {[%mdl 2048] White is pushing.} Qg6 25. Qe2 Rcd8 26. Nh4 Bxh4 27. Bxh4 Rd7 28. f4 f5 29. Qf3 {Hoping for Nf6+!} Qe6 30. b3 Ng6 31. Bf2 Red8 {[%cal Rd7d5]} 32. Ne3 Na5 33. Rxd7 Rxd7 34. Qa8+ Kf7 $2 {[%mdl 8192] [#]} (34... Nf8 $16 35. Rc1 c4) 35. Nxf5 $1 $18 {[%mdl 512] White is clearly winning.} Nb7 {[#]} (35... Qxf5 36. e6+) 36. Nh6+ $1 {[%mdl 512]} gxh6 {[#]} 37. f5 $1 {[%cal Rf5e6][%mdl 512]} Qxf5 {Strongly threatening ...Qe6.} 38. e6+ Qxe6 39. Rxe6 Kxe6 40. Qxa6+ Ke7 41. Qxb5 Ne5 42. Bxc5+ Ke6 43. a4 {[%cal Ba2a4,Ba4a5,Ba5a6][%mdl 32]} Kf5 44. a5 Nd8 45. a6 Ndc6 46. Qe2 {Precision: White = 89%, Black = 36%.} 1-0

[Event "Stockholm Chess Challenge 2018"]
[Site "Stockholm"]
[Date "2018.05.03"]
[Round "5"]
[White "Kucuksari, Kaan"]
[Black "Seo, Jung Min"]
[Result "1-0"]
[WhiteElo "2251"]
[BlackElo "2349"]
[Annotator "TA"]
[PlyCount "57"]
[EventDate "2018.??.??"]
[EventCountry "SWE"]
[SourceTitle "playchess.com"]
[Source "ChessBase"]
[SourceQuality "1"]

{[%evp 14,57,53,36,36,38,45,46,43,36,40,28,97,54,77,65,222,119,133,143,220,231,291,315,295,314,278,222,364,362,370,298,264,102,106,102,108,118,214,198,327,322,29992,29993,29998,29999]} 1. d4 f5 2. c4 Nf6 3. Nc3 g6 4. h4 Bg7 5. h5 d6 (5... e6 6. hxg6 hxg6 7. Rxh8+ Bxh8 8. Nh3 Qe7 9. Bg5 Qf7 10. g3 d5 11. Bg2 c6 12. Qb3 Nbd7 13. O-O-O {1-0 (24) Mamedyarov,S (2768)-Lu,S (2627) Doha 2016}) 6. h6 {A85: Dutch Defence: 2 c4 Nf6 3 Nc3} Bf8 7. Bg5 e6 8. e4 {LiveBook: 3 Games. White is slightly better.} fxe4 9. Nxe4 Be7 10. Nc3 $146 ({Predecessor:} 10. Bxf6 Bxf6 11. Nf3 O-O 12. Qd2 Nc6 13. O-O-O {0-1 (43) Frih,A (2142)-Dzhumaev,M (2531) Tarragona 2005}) 10... Nc6 11. Nf3 O-O 12. Qd2 Nd7 (12... e5 $11) 13. Be3 a5 14. O-O-O $36 {[%mdl 2048] Black is under pressure.} Re8 $2 (14... e5 $14) 15. g4 (15. d5 $18) 15... e5 16. g5 exd4 (16... Rf8 $16 {was necessary.}) 17. Nxd4 $18 Nde5 18. f4 Ng4 19. Nxc6 bxc6 20. Re1 Nxe3 (20... Bf5 $142 21. Bg2 Qd7) 21. Rxe3 ({Less strong is} 21. Qxe3 Bf5 $18) 21... d5 22. cxd5 Bc5 23. Re4 $2 (23. Ne4 $18 {and White stays clearly on top.} Bxe3 24. Qxe3 cxd5 25. Qd4) 23... Bf5 $16 {[#]} 24. Bg2 $1 {[%cal Bf1g2,Bg2h3,Bh3e6][%mdl 32]} Qd7 25. Rhe1 Bxe4 (25... Kf8 $16) 26. Nxe4 $18 Bb4 {[#]} (26... Rxe4 $142 27. Rxe4 Rd8) 27. Qd4 $1 {aiming for Nf6+.} Rf8 $2 (27... c5 $18 28. Qc4 Kh8) 28. Bh3 c5 29. Be6+ {Precision: White = 57%, Black = 39%.} ({Stronger than} 29. Bxd7 cxd4 30. Rf1 d3 $15) 1-0

[Event "Stockholm Chess Challenge 2018"]
[Site "Stockholm"]
[Date "2018.05.03"]
[Round "5"]
[White "Pranav Anand"]
[Black "Crevatin, Leo"]
[Result "1-0"]
[WhiteElo "2158"]
[BlackElo "2157"]
[Annotator "TA"]
[PlyCount "57"]
[EventDate "2018.??.??"]
[EventCountry "SWE"]
[SourceTitle "playchess.com"]
[Source "ChessBase"]
[SourceQuality "1"]

{[%evp 14,56,0,0,14,0,0,0,7,-7,0,0,0,0,12,10,23,11,22,19,70,0,49,-22,-16,-32,-18,-22,68,42,49,37,34,14,226,223,29984,29985,29991,29992,29994,29995,29995,29996,29999]} 1. e4 c5 2. Nf3 Nc6 3. Bb5 d6 4. Bxc6+ bxc6 5. O-O Bg4 6. d3 e5 {B51: Sicilian: Moscow Variation (3 Bb5+) without 3...Bd7} (6... e6 7. Nbd2 Nf6 8. Re1 Nd7 9. h3 Bh5 10. Nf1 Be7 11. Ng3 Bg6 12. b3 O-O 13. Bb2 Re8 14. Nh2 {½-½ (47) Kritz,L (2592)-Wang,Y (2698) Gibraltar 2008}) 7. Nbd2 Nf6 8. h3 {LiveBook: 9 Games} Bd7 {The position is equal.} 9. c3 Be7 10. b3 O-O 11. Bb2 Re8 $146 ({Predecessor:} 11... a5 12. d4 cxd4 13. cxd4 exd4 14. Nxd4 a4 15. N4f3 a3 16. Bc3 d5 17. Re1 c5 18. exd5 Nxd5 {½-½ (54) Adamek,P (2062)-Sikorska,A (2091) Poznan 2009}) 12. d4 exd4 13. cxd4 d5 14. Re1 Nxe4 15. Nxe4 dxe4 16. Rxe4 Bf6 ({Black should try} 16... Be6 $11) 17. Ne5 ({Better is} 17. Rxe8+ $14 Bxe8 18. Rc1) 17... Qc7 18. Qe2 (18. Qh5 $14 Be6 19. dxc5) 18... cxd4 19. Bxd4 Bf5 20. Re3 {Hoping for Ng4.} Red8 (20... Bg5 $1 $11 21. Rf3 Be6) 21. Bc3 h6 22. Qf3 Be6 23. Rae1 {Threatens to win with Nxf7!} a5 $2 {[#]} (23... Bg5 $11 {and Black has nothing to worry.}) 24. Nxf7 $1 $18 {[%mdl 512]} Bd5 $2 {[#]} (24... Qxf7 $18 25. Rxe6 Bxc3 26. Qxc3 Rd1 27. Rxc6 (27. Rxd1 Qxe6 28. Rc1 a4 $18) 27... Rad8) 25. Nxh6+ $1 {[%mdl 512] White mates.} Kh7 (25... gxh6 26. Qxf6) 26. Qf5+ Kxh6 27. Bxf6 gxf6 28. Qxf6+ Kh5 29. g4# {Precision: White = 52%, Black = 32%.} 1-0

[Event "Stockholm Chess Challenge 2018"]
[Site "Stockholm"]
[Date "2018.05.03"]
[Round "6"]
[White "Maiorov, Nikita"]
[Black "Kantans, Toms"]
[Result "1/2-1/2"]
[WhiteElo "2543"]
[BlackElo "2510"]
[Annotator "TA"]
[PlyCount "87"]
[EventDate "2018.??.??"]
[EventCountry "SWE"]
[SourceTitle "playchess.com"]
[Source "ChessBase"]
[SourceQuality "1"]

{[%evp 19,87,18,23,30,10,11,6,4,12,0,8,5,22,-7,-4,0,0,0,0,0,0,0,6,5,30,7,16,16,29,29,31,16,17,0,0,0,0,0,23,23,23,22,22,23,28,23,46,31,31,37,37,22,29,21,50,0,21,7,16,8,29,16,19,12,12,16,8,0,0,0]} 1. d4 Nf6 2. c4 g6 3. g3 c6 4. Bg2 d5 5. Qa4 Nfd7 (5... Bg7 6. cxd5 O-O 7. dxc6 Nxc6 8. Nf3 Nd5 9. e3 Nb6 10. Qd1 e5 11. O-O Bg4 12. dxe5 Qxd1 13. Rxd1 Nxe5 {½-½ (68) Vitiugov,N (2735)-Vachier Lagrave,M (2789) Karlsruhe/Baden-Baden 2018}) 6. cxd5 {D71: Fianchetto Grünfeld: 3 g3 d5 sidelines and 5 cxd5 (without Nf3)} Nb6 7. Qd1 cxd5 8. e3 Bg7 9. Ne2 Nc6 10. Nbc3 O-O {LiveBook: 7 Games} 11. O-O Bg4 12. h3 Bxe2 13. Nxe2 Rc8 $146 14. Rb1 Qd6 15. b3 Rc7 16. Bb2 Rfc8 17. Qd2 e6 18. Rfc1 a6 19. Nf4 {[%cal Be2f4,Bf4d3,Bd3c5][%mdl 32]} Bf8 20. Nd3 Nd7 21. Nc5 f5 22. Rc2 Ncb8 {White should prevent ...b6.} 23. Rc3 b6 24. Nd3 Nf6 25. Rxc7 Rxc7 26. Ne5 Ne4 27. Qd3 Qd8 28. Rc1 Bd6 29. Rxc7 Qxc7 30. g4 b5 31. f3 Nf6 32. Qc3 Nfd7 33. Qxc7 Bxc7 34. Nd3 Nc6 35. Bf1 Kf7 36. Bc3 Ba5 37. Bb2 Nb4 38. Nxb4 Bxb4 $11 {[%mdl 4096] Endgame KBB-KBN} 39. Kf2 Nb8 40. Bd3 Nc6 {The position is equal.} 41. a4 Na5 42. axb5 axb5 43. Bc2 Kf6 44. Bd3 {Precision: White = 58%, Black = 53%.} 1/2-1/2

[Event "Stockholm Chess Challenge 2018"]
[Site "Stockholm"]
[Date "2018.05.03"]
[Round "6"]
[White "Kobo, Ori"]
[Black "Blomqvist, Erik"]
[Result "1/2-1/2"]
[WhiteElo "2484"]
[BlackElo "2494"]
[Annotator "TA"]
[PlyCount "61"]
[EventDate "2018.??.??"]
[EventCountry "SWE"]
[SourceTitle "playchess.com"]
[Source "ChessBase"]
[SourceQuality "1"]

{[%evp 23,61,31,15,9,10,18,27,-4,0,1,7,0,0,0,0,2,38,37,30,-4,-3,-3,-3,-3,-3,-4,-12,-19,0,-8,-4,0,0,-8,0,-3,0,-8,0,-4]} 1. Nf3 Nf6 2. c4 e6 3. g3 d5 4. Bg2 Be7 5. O-O O-O 6. d4 Nbd7 7. Qc2 c6 8. Nbd2 b6 9. e4 dxc4 10. Nxc4 Bb7 {E09: Closed Catalan: Main Line: 7 Qc2 c6 8 Nbd2} 11. Bg5 b5 12. Ne3 (12. Bxf6 Nxf6 13. Ncd2 Rc8 14. e5 Nd7 15. a4 {½-½ (15) Swiercz,D (2649)-Cori Tello,J (2660) Columbus 2017}) 12... c5 {LiveBook: 3 Games. White is slightly better.} 13. d5 exd5 14. exd5 Re8 15. Rfd1 Bf8 $146 ({Predecessor:} 15... h6 16. Bxf6 Bxf6 17. Nd2 Bd4 18. Nf5 {1-0 (76) Mekhitarian,K (2529)-Kjartansson,G (2438) Florianopolis 2018}) 16. a4 a6 {[%cal Ba7a6,Ba6b5][%mdl 32]} 17. axb5 axb5 18. Qb3 Rxa1 19. Rxa1 Qb6 20. Bxf6 $1 Nxf6 21. Bf1 (21. Ne5 $5) 21... Rb8 {The position is equal.} 22. Qxb5 Qxb5 23. Bxb5 Nxd5 24. Ne5 Nxe3 25. fxe3 {With the idea Bc4.} Bd6 26. Nc4 Be7 27. Ne5 Bd6 28. Nc4 Be7 29. Ne5 Bd6 30. Nc4 Be7 31. Ne5 {Precision: White = 81%, Black = 79%.} 1/2-1/2

[Event "Stockholm Chess Challenge 2018"]
[Site "Stockholm"]
[Date "2018.05.02"]
[Round "6"]
[White "Reshef, Omer"]
[Black "Kantans, Toms"]
[Result "0-1"]
[WhiteElo "2482"]
[BlackElo "2510"]
[Annotator "TA"]
[PlyCount "94"]
[EventDate "2018.??.??"]
[EventCountry "SWE"]
[SourceTitle "playchess.com"]
[Source "ChessBase"]
[SourceQuality "1"]

{[%evp 15,94,0,11,-12,-12,-25,0,-6,-13,-35,-5,-29,-22,-58,-49,-68,-49,-62,-58,-68,-66,-73,-67,-78,-67,-85,-64,-129,-54,-89,-69,-79,-84,-97,-102,-90,-60,-146,-156,-157,-160,-154,-154,-135,-115,-116,-122,-137,-113,-127,-99,-89,-47,-82,-101,-94,-77,-75,-35,-279,-3,-20,-20,-102,-81,-90,-57,-12821,-12826,-2758,-151,-6817,-6821,-2284,-1770,-12841,-12840,-12841,-12841,-12841,-12842]} 1. e4 e5 2. Nf3 Nc6 3. Bc4 Nf6 4. d3 Bc5 5. Nc3 O-O 6. h3 d6 7. Bg5 h6 8. Bh4 Be6 9. a3 {C50: Hungarian Defence and Giuoco Pianissimo} (9. Qd2 Bxc4 10. dxc4 Nd4 11. Nd5 Nxf3+ 12. gxf3 Nxe4 13. Bxd8 Nxd2 14. Kxd2 Raxd8 15. Nxc7 Bxf2 16. Nd5 Bh4 {0-1 (44) Vu,Q (1940)-Le,T (1954) Ho Chi Minh City 2014}) 9... Nd4 10. O-O a6 11. Nxd4 $146 {The position is equal.} ({Predecessor:} 11. Na4 Nxf3+ 12. Qxf3 b5 13. Nxc5 bxc4 14. Nxe6 fxe6 15. dxc4 Qd7 16. Bxf6 Rxf6 {½-½ (53) Carvalho,S-Fernandes,C Lisbon 2006}) 11... Bxd4 12. Ne2 Ba7 13. Ba2 Qe7 14. Bxf6 Qxf6 15. Qd2 Rad8 16. Nc3 c6 17. Bxe6 Qxe6 18. Kh1 f5 19. Qe2 Rd7 20. Rae1 Rdf7 21. Nd1 (21. exf5 $1 $15 Rxf5 22. Nd1) 21... Qg6 (21... f4 $1 $17 {[%cal Rf4f3]} 22. f3 g6) 22. c3 h5 23. f3 f4 24. b4 Qg3 25. d4 exd4 26. Qf2 ({Better is} 26. c4 $15) 26... Qxf2 $17 27. Rxf2 dxc3 28. Rc2 g5 29. Nxc3 Bd4 30. Rd1 Be5 31. Ne2 Rf6 32. Nd4 Bxd4 33. Rxd4 {[%mdl 4096] Endgame KRR-KRR} Kf7 34. e5 dxe5 35. Rd7+ Kg6 36. Rxb7 Rd8 37. Rb6 $2 {[#]} ({White should play} 37. Re7 $15) 37... Rdd6 $2 (37... g4 $1 $19 {[%mdl 512]} 38. hxg4 (38. fxg4 hxg4) 38... hxg4) 38. Rxa6 g4 39. hxg4 (39. Kg1 $1 $11) 39... hxg4 {[%cal Bh5g4,Bg4g3][%mdl 32] ( -> ...Rd1+)} 40. Kg1 Kf5 {Hoping for ...g3.} 41. Ra5 $2 {[%mdl 8192] [#]} (41. fxg4+ $15 Kxg4 42. Ra7) 41... Rd1+ $1 $19 42. Kf2 g3+ 43. Ke2 {[#]} Rfd6 $1 {Black is clearly winning.} 44. Rac5 Rg1 45. Rxc6 Rdd1 {[%csl Gd1][%cal Rg1e1]} 46. Rd2 Rxd2+ 47. Kxd2 Rxg2+ {Precision: White = 22%, Black = 58%.} 0-1